000 00986pam a2200313 a 4500
999 _c142161
_d142161
001 vtls000663207
003 PNM
005 20180728150218.0
008 111212t20122012my | g | 000 j may
015 _aM13-07930
020 _a9789673911271
_cRM49.83
_qpaperback
039 9 _a201306261424
_bnooraini
_c201306121118
_dkhuraisah
_c201211281116
_diliza
_c201112121348
_dazma
040 _aBNM
_cPNM
_beng
_dPPAK
_erda
049 _aklpmal
082 0 4 _a899.233010803
_222
090 0 0 _a899.233010803
_bMZU
_dG
100 0 _aM. Zuhaili,
_d1986-
_eauthor
245 1 0 _aSURGA YANG DIJANJIKAN :
_pBAHAGIAN BUA /
_cM. Zuhaili
264 _aSeri Kembangan, Selangor :
_bPenerbitan Premier,
_c2012
264 4 _c© 2012
300 _a157pages ;
_c18 cm
336 _2rdacontent
_atext
337 _2rdamedia
_aunmediated
338 _2rdacarrier
_avolume
490 1 _aSIRI BAHAN BACAAN BUKU
650 1 0 _aShort stories, Malay
830 0 _aSiri bahan bacaan sekolah
942 _2ddc
_cB